• 首页
  • 本馆介绍
  • 公告通知
  • 最新文献
  • 馆藏检索
  • 电子资源
  • 读者导购
  • 参考咨询
  • 我的图书馆
  • 登录
  • 详细信息显示
  • 放入我的书架
  • 预约/预借图书
  • 作者相关作品
  • 分类相关作品
  • 丛书相关作品
  • 出版社相关作品

书目信息

  • 表格格式
  • 工作单格式
  • 卡片格式
题名:
江南大学植物名录
    
 
作者: 李云侠 , 王武 主编
分册:  
出版信息: 北京   科学出版社  2017.5
页数: 159页
开本: 24cm
丛书名:
单 册:
中图分类: Q948.525.3
科图分类:
主题词: 植物--Zhi Wu--无锡--名录
电子资源:
ISBN: 978-7-03-052669-4
000 01059nam0 2200289 450
001 0400003067
005 20171021191340.0
010    @a978-7-03-052669-4@dCNY85.00
099    @aCAL 012017082139
100    @a20170523d2017 em y0chiy50 ea
101 0  @achi
102    @aCN@b110000
105    @aa a 001yy
106    @ar
200 1  @a江南大学植物名录@AJiang Nan Da Xue Zhi Wu Ming Lu@d= Plant checklist of Jiangnan University@f主编李云侠, 王武@zeng
210    @a北京@c科学出版社@d2017.5
215    @a159页@c彩图@d24cm
320    @a有书目 (第131页) 和索引
330    @a本书以中文与拉丁文对照的形式,列出了江南大学新校园绿化建设12年以来,所引种、栽培,以及保留原生态属种共1200多种植物的名录,附有中文、拉丁文互检的索引,以及部分校园植物的精美图片。
510 1  @aPlant checklist of Jiangnan University@zeng
606 0  @a植物@AZhi Wu@y无锡@j名录
690    @aQ948.525.3@v5
701  0 @a李云侠@ALi Yun Xia@4主编
701  0 @a王武@AWang Wu@4主编
801  0 @aCN@bNMU@c20171021
905    @b1035456-60@dQ948.525.3@f5@e359
920    @a215010@z1
    
    江南大学植物名录= Plant checklist of Jiangnan University/主编李云侠, 王武.-北京:科学出版社,2017.5
    159页:彩图;24cm
    
    
    ISBN 978-7-03-052669-4:CNY85.00
    本书以中文与拉丁文对照的形式,列出了江南大学新校园绿化建设12年以来,所引种、栽培,以及保留原生态属种共1200多种植物的名录,附有中文、拉丁文互检的索引,以及部分校园植物的精美图片。
●
相关链接 在E读中查询图书 在五车中查询图书 在当当中查询图书 在豆瓣中查询图书


正题名:江南大学植物名录     索取号:Q948.525.3/359         预约/预借

序号 登录号 条形码 馆藏地/架位号 状态 备注
1 1035456   210354560   第二样本阅览室/ [索取号:Q948.525.3/359] 在馆    
2 1035457   210354579   密集书库-生命科学系/ [索取号:Q948.525.3/359] 在馆    
3 1035458   210354588   第三借阅区/ [索取号:Q948.525.3/359] 在馆    
4 1035459   210354597   第三借阅区/ [索取号:Q948.525.3/359] 在馆    
5 1035460   210354604   第三借阅区/ [索取号:Q948.525.3/359] 在馆    
唐山师范学院图书馆 欢迎您!
大连网信软件有限公司© 版权所有